[Event "2016 South Wales International"]
[Site "Cardiff"]
[Date "2016.07.08"]
[Round "3"]
[Board "2"]
[White "Marusenko, Petr"]
[Black "Arkell, Keith C"]
[Result "1/2-1/2"]
[WhiteElo "2226"]
[BlackElo "2455"]
[PlyCount "0"]
[EventDate "2016.07.07"]
[EventRounds "10"]
[EventCountry "WLS"]

1. e4 {[%clk 1:28:01]} c5 {[%clk 1:30:37]} 2. Nf3 {[%clk 1:28:01]} g6
{[%clk 1:30:59]} 3. c3 {[%clk 1:28:22]} Bg7 {[%clk 1:31:07]} 4. d4
{[%clk 1:28:46]} cxd4 {[%clk 1:31:31]} 5. cxd4 {[%clk 1:29:12]} d5
{[%clk 1:31:51]} 6. exd5 {[%clk 1:29:05]} Nf6 {[%clk 1:32:12]} 7. Bc4
{[%clk 1:29:25]} Nxd5 {[%clk 1:32:21]} 8. Qb3 {[%clk 1:29:51]} e6
{[%clk 1:32:00]} 9. Bg5 {[%clk 1:30:16]} Qd6 {[%clk 1:30:28]} 10. Nbd2
{[%clk 1:25:15]} h6 {[%clk 1:28:43]} 11. Ne4 {[%clk 1:21:53]} Qb4+
{[%clk 1:23:32]} 12. Bd2 {[%clk 1:21:06]} Qxb3 {[%clk 1:23:55]} 13. Bxb3
{[%clk 1:20:33]} O-O {[%clk 1:23:41]} 14. O-O {[%clk 1:18:12]} Nc6
{[%clk 1:23:45]} 15. Rfd1 {[%clk 1:18:25]} Rd8 {[%clk 1:23:49]} 16. Nc3
{[%clk 1:12:53]} Nde7 {[%clk 1:23:08]} 17. Bf4 {[%clk 1:12:27]} g5
{[%clk 1:22:44]} 18. Bc7 {[%clk 1:10:40]} Rd7 {[%clk 1:23:03]} 19. Bg3
{[%clk 1:11:05]} Nxd4 {[%clk 1:16:41]} 20. Nxd4 {[%clk 1:10:27]} Bxd4
{[%clk 1:16:36]} 21. Nb5 {[%clk 1:06:17]} Bb6 {[%clk 1:14:17]} 22. Rac1
{[%clk 0:46:16]} Rxd1+ {[%clk 1:09:33]} 23. Rxd1 {[%clk 0:43:05]} Nc6
{[%clk 1:08:29]} 24. h4 {[%clk 0:40:22]} a6 {[%clk 1:07:41]} 25. Nc7
{[%clk 0:40:45]} Ra7 {[%clk 1:03:58]} 26. hxg5 {[%clk 0:31:58]} hxg5
{[%clk 1:03:55]} 27. Ne8 {[%clk 0:31:44]} Bd4 {[%clk 0:58:46]} 28. Nd6
{[%clk 0:26:55]} Bd7 {[%clk 0:53:59]} 29. Ne4 {[%clk 0:26:44]} b5
{[%clk 0:53:03]} 30. Rd2 {[%clk 0:21:34]} g4 {[%clk 0:50:38]} 31. Bd6
{[%clk 0:20:10]} Kh7 {[%clk 0:45:08]} 32. Bc2 {[%clk 0:15:33]} f5
{[%clk 0:40:44]} 33. Bc5 {[%clk 0:14:49]} Bxc5 {[%clk 0:40:26]} 34. Nxc5
{[%clk 0:15:14]} Bc8 {[%clk 0:38:46]} 35. Rd6 {[%clk 0:07:40]} Rc7
{[%clk 0:39:01]} 36. Bb3 {[%clk 0:08:07]} e5 {[%clk 0:30:02]} 37. Nd3
{[%clk 0:06:17]} e4 {[%clk 0:12:37]} 38. Nf4 {[%clk 0:06:26]} Na5
{[%clk 0:12:47]} 39. Kh2 {[%clk 0:01:25]} Rc6 {[%clk 0:07:17]} 40. Rd8
{[%clk 0:01:06]} Nxb3 {[%clk 0:06:43]} 41. axb3 {[%clk 0:01:31]} Be6
{[%clk 0:03:10]} 42. Kg3 {[%clk 0:19:33]} Bxb3 {[%clk 0:31:17]} 43. Kh4
{[%clk 0:19:45]} Bf7 {[%clk 0:30:22]} 44. Kg5 {[%clk 0:20:03]} g3
{[%clk 0:20:48]} 45. fxg3 {[%clk 0:20:12]} Kg7 {[%clk 0:20:29]} 46. b4
{[%clk 0:15:04]} Rc7 {[%clk 0:15:37]} 47. Nd5 {[%clk 0:09:55]} Bxd5
{[%clk 0:06:34]} 48. Rxd5 {[%clk 0:10:21]} Re7 {[%clk 0:05:46]} 49. Kxf5
{[%clk 0:10:17]} e3 {[%clk 0:06:13]} 50. Rd1 {[%clk 0:10:40]} e2 {[%clk 0:05:01]}
51. Re1 {[%clk 0:11:06]} Re8 {[%clk 0:02:42]} 52. Kf4 {[%clk 0:10:05]} a5
{[%clk 0:02:56]} 53. bxa5 {[%clk 0:10:27]} b4 {[%clk 0:03:26]} 54. a6
{[%clk 0:10:45]} b3 {[%clk 0:03:40]} 55. a7 {[%clk 0:11:09]} b2 {[%clk 0:04:01]}
56. Kf3 {[%clk 0:10:15]} Kg6 {[%clk 0:01:22]} 57. Kf2 {[%clk 0:10:39]} Kg5
{[%clk 0:00:55]} 58. Rb1 {[%clk 0:10:45]} Kg4 {[%clk 0:00:35]} 59. Ke1
{[%clk 0:11:07]} Ra8 {[%clk 0:00:50]} 1/2-1/2

[Event "2016 South Wales International"]
[Site "Cardiff"]
[Date "2016.07.08"]
[Round "3"]
[Board "3"]
[White "Wells, Peter K"]
[Black "Rudd, Jack"]
[Result "0-1"]
[WhiteElo "2419"]
[BlackElo "2213"]
[PlyCount "0"]
[EventDate "2016.07.07"]
[EventRounds "10"]
[EventCountry "WLS"]

1. Nf3 {[%clk 1:26:07]} Nf6 {[%clk 1:30:54]} 2. c4 {[%clk 1:26:28]} g6
{[%clk 1:31:21]} 3. Nc3 {[%clk 1:26:42]} Bg7 {[%clk 1:31:45]} 4. d4
{[%clk 1:26:55]} O-O {[%clk 1:32:08]} 5. e4 {[%clk 1:27:09]} d6 {[%clk 1:32:32]}
6. Be2 {[%clk 1:27:25]} e5 {[%clk 1:32:53]} 7. Be3 {[%clk 1:27:44]} exd4
{[%clk 1:31:18]} 8. Nxd4 {[%clk 1:28:08]} Re8 {[%clk 1:31:41]} 9. f3
{[%clk 1:27:56]} c6 {[%clk 1:31:39]} 10. Bf2 {[%clk 1:26:45]} d5 {[%clk 1:26:15]}
11. exd5 {[%clk 1:25:48]} cxd5 {[%clk 1:26:37]} 12. O-O {[%clk 1:25:31]} Nc6
{[%clk 1:26:18]} 13. c5 {[%clk 1:24:39]} a6 {[%clk 1:23:07]} 14. Qd2
{[%clk 1:18:11]} Bd7 {[%clk 1:22:04]} 15. Rfd1 {[%clk 1:08:23]} Ne5
{[%clk 1:18:44]} 16. b3 {[%clk 0:58:13]} Rc8 {[%clk 1:18:13]} 17. Nc2
{[%clk 0:48:12]} Bc6 {[%clk 1:17:26]} 18. Bd4 {[%clk 0:46:00]} Qe7
{[%clk 1:14:07]} 19. Re1 {[%clk 0:43:15]} Qc7 {[%clk 1:13:38]} 20. a4
{[%clk 0:39:20]} Re6 {[%clk 1:09:13]} 21. b4 {[%clk 0:26:45]} Rce8
{[%clk 1:08:59]} 22. b5 {[%clk 0:18:17]} Bd7 {[%clk 1:09:14]} 23. Red1
{[%clk 0:04:32]} Nc4 {[%clk 1:07:38]} 24. Bxc4 {[%clk 0:03:20]} dxc4
{[%clk 1:08:01]} 25. Na3 {[%clk 0:01:36]} Re5 {[%clk 1:04:37]} 26. c6
{[%clk 0:01:11]} bxc6 {[%clk 1:04:36]} 27. b6 {[%clk 0:01:02]} Qb8
{[%clk 1:04:51]} 28. Nxc4 {[%clk 0:01:11]} Rh5 {[%clk 1:04:59]} 29. g3
{[%clk 0:01:10]} Be6 {[%clk 1:04:49]} 30. Nb2 {[%clk 0:00:33]} c5
{[%clk 1:04:58]} 31. Bf2 {[%clk 0:00:34]} Qxb6 {[%clk 1:05:11]} 32. Nd3
{[%clk 0:00:48]} Qc6 {[%clk 1:05:12]} 33. Nf4 {[%clk 0:00:45]} Rf5
{[%clk 1:05:07]} 34. g4 {[%clk 0:00:35]} Nxg4 {[%clk 1:04:45]} 35. fxg4
{[%clk 0:01:00]} Bxc3 {[%clk 1:05:06]} 36. Qxc3 {[%clk 0:01:15]} Rxf4
{[%clk 1:05:28]} 37. h3 Bxg4 38. hxg4 {[%clk 0:01:51]} Rxg4+ {[%clk 1:05:01]} 39.
Bg3 {[%clk 0:02:20]} h5 {[%clk 1:05:19]} 0-1

[Event "2016 South Wales International"]
[Site "Cardiff"]
[Date "2016.07.08"]
[Round "3"]
[Board "4"]
[White "Gretarsson, Hjorvar Steinn"]
[Black "Braun, Walter"]
[Result "1-0"]
[WhiteElo "2550"]
[BlackElo "2207"]
[PlyCount "0"]
[EventDate "2016.07.07"]
[EventRounds "10"]
[EventCountry "WLS"]

1. c4 {[%clk 1:29:33]} c5 {[%clk 1:30:46]} 2. Nc3 {[%clk 1:29:36]} Nc6
{[%clk 1:31:10]} 3. Nf3 {[%clk 1:28:53]} e6 {[%clk 1:31:08]} 4. d4
{[%clk 1:28:51]} d5 {[%clk 1:31:28]} 5. cxd5 {[%clk 1:28:20]} exd5
{[%clk 1:31:52]} 6. dxc5 {[%clk 1:28:21]} d4 {[%clk 1:32:17]} 7. Na4
{[%clk 1:28:44]} Bf5 {[%clk 1:32:42]} 8. e3 {[%clk 1:26:51]} d3 {[%clk 1:33:07]}
9. Bd2 {[%clk 1:27:18]} Nf6 {[%clk 1:32:55]} 10. Qb3 {[%clk 1:27:12]} Qd7
{[%clk 1:31:47]} 11. Nh4 {[%clk 1:25:13]} O-O-O {[%clk 1:29:34]} 12. Nxf5
{[%clk 1:22:54]} Qxf5 {[%clk 1:29:56]} 13. f3 {[%clk 1:18:33]} Bxc5
{[%clk 1:26:55]} 14. Nxc5 {[%clk 1:07:53]} Qxc5 {[%clk 1:26:41]} 15. Rc1
{[%clk 1:08:01]} Qd5 {[%clk 1:16:33]} 16. Qxd5 {[%clk 1:07:14]} Rxd5
{[%clk 1:15:39]} 17. g3 {[%clk 1:06:29]} Kb8 {[%clk 1:13:11]} 18. Kf2
{[%clk 1:05:17]} Rhd8 {[%clk 1:13:23]} 19. e4 {[%clk 1:04:13]} Rd4
{[%clk 1:10:03]} 20. Bc3 {[%clk 1:01:44]} R4d7 {[%clk 1:07:56]} 21. Bh3
{[%clk 1:01:15]} Re7 {[%clk 1:07:26]} 22. Rhd1 {[%clk 1:01:21]} a6
{[%clk 1:01:39]} 23. Rd2 {[%clk 0:59:49]} Ne5 {[%clk 0:58:26]} 24. Ba5
{[%clk 0:57:34]} Rde8 {[%clk 0:57:36]} 25. Bb4 {[%clk 0:54:03]} g5
{[%clk 0:56:17]} 26. Bf5 {[%clk 0:52:44]} Re6 {[%clk 0:56:34]} 27. Bxe6
{[%clk 0:52:57]} Rxe6 {[%clk 0:56:50]} 28. Bc3 {[%clk 0:52:58]} Nfd7
{[%clk 0:53:50]} 29. Bxe5+ {[%clk 0:52:13]} Nxe5 {[%clk 0:54:12]} 30. f4
{[%clk 0:51:39]} gxf4 {[%clk 0:53:20]} 31. gxf4 {[%clk 0:52:02]} Rf6
{[%clk 0:53:44]} 32. f5 {[%clk 0:51:41]} Rh6 {[%clk 0:54:01]} 33. Kg3
{[%clk 0:51:10]} Rd6 {[%clk 0:53:55]} 34. Kf4 {[%clk 0:50:47]} f6
{[%clk 0:54:18]} 35. Rc5 {[%clk 0:50:07]} 1-0

[Event "2016 South Wales International"]
[Site "Cardiff"]
[Date "2016.07.08"]
[Round "3"]
[Board "5"]
[White "Ivekovic, Tihana"]
[Black "Chatalbashev, Boris"]
[Result "0-1"]
[WhiteElo "2129"]
[BlackElo "2545"]
[PlyCount "0"]
[EventDate "2016.07.07"]
[EventRounds "10"]
[EventCountry "WLS"]

1. d4 {[%clk 1:30:58]} d6 {[%clk 1:29:07]} 2. c4 {[%clk 1:31:21]} e5
{[%clk 1:29:32]} 3. Nf3 {[%clk 1:31:33]} e4 {[%clk 1:29:52]} 4. Ng5
{[%clk 1:31:51]} f5 {[%clk 1:30:16]} 5. Nc3 {[%clk 1:32:05]} Be7 {[%clk 1:30:34]}
6. Nh3 {[%clk 1:32:05]} Nf6 {[%clk 1:30:58]} 7. d5 {[%clk 1:31:38]} Nbd7
{[%clk 1:29:06]} 8. f4 {[%clk 1:24:27]} Ng4 {[%clk 1:25:24]} 9. e3
{[%clk 1:20:44]} Bf6 {[%clk 1:25:38]} 10. Qc2 {[%clk 1:20:17]} O-O
{[%clk 1:20:35]} 11. Be2 {[%clk 1:14:38]} Bxc3+ {[%clk 1:20:04]} 12. Qxc3
{[%clk 1:15:02]} Qh4+ {[%clk 1:20:27]} 13. Kf1 {[%clk 1:14:53]} Ndf6
{[%clk 1:10:05]} 14. Qe1 {[%clk 1:07:32]} Qh5 {[%clk 0:58:38]} 15. Nf2
{[%clk 1:04:15]} Qg6 {[%clk 0:56:19]} 16. Nxg4 {[%clk 0:58:06]} fxg4
{[%clk 0:55:16]} 17. g3 {[%clk 0:55:56]} Qh6 {[%clk 0:44:33]} 18. b3
{[%clk 0:52:54]} g5 {[%clk 0:39:55]} 19. Bb2 {[%clk 0:50:46]} gxf4
{[%clk 0:40:02]} 20. exf4 {[%clk 0:48:37]} Bf5 {[%clk 0:39:32]} 21. Bxf6
{[%clk 0:40:56]} Qxf6 {[%clk 0:37:36]} 22. Qd1 {[%clk 0:40:59]} e3
{[%clk 0:36:21]} 23. Bxg4 {[%clk 0:38:49]} Qb2 {[%clk 0:32:40]} 24. Be2
{[%clk 0:38:27]} Bg4 {[%clk 0:33:00]} 0-1

[Event "2016 South Wales International"]
[Site "Cardiff"]
[Date "2016.07.08"]
[Round "3"]
[Board "8"]
[White "Wallace, Paul"]
[Black "Byron, Alan M"]
[Result "1/2-1/2"]
[WhiteElo "2243"]
[BlackElo "2136"]
[PlyCount "0"]
[EventDate "2016.07.07"]
[EventRounds "10"]
[EventCountry "WLS"]

1. e4 {[%clk 1:30:57]} c6 {[%clk 1:30:48]} 2. d4 {[%clk 1:31:20]} d5
{[%clk 1:31:12]} 3. e5 {[%clk 1:31:46]} Bf5 {[%clk 1:31:34]} 4. h4
{[%clk 1:30:52]} h5 {[%clk 1:31:49]} 5. c4 {[%clk 1:31:13]} e6 {[%clk 1:31:16]}
6. Nc3 {[%clk 1:31:36]} Nd7 {[%clk 1:28:21]} 7. cxd5 {[%clk 1:29:27]} cxd5
{[%clk 1:26:47]} 8. Bd3 {[%clk 1:29:48]} Bxd3 {[%clk 1:20:47]} 9. Qxd3
{[%clk 1:30:11]} Ne7 {[%clk 1:20:37]} 10. Bg5 {[%clk 1:26:40]} Qb6
{[%clk 1:17:31]} 11. Nf3 {[%clk 1:25:50]} a6 {[%clk 1:12:16]} 12. O-O
{[%clk 1:25:50]} Nb8 {[%clk 1:10:31]} 13. a3 {[%clk 1:11:31]} Nbc6
{[%clk 1:10:08]} 14. b4 {[%clk 1:11:51]} g6 {[%clk 0:58:55]} 15. Bf6
{[%clk 1:03:32]} Rg8 {[%clk 0:59:10]} 16. Rac1 {[%clk 1:02:29]} Nf5
{[%clk 0:54:16]} 17. Rfd1 {[%clk 1:01:52]} Be7 {[%clk 0:52:05]} 18. b5
{[%clk 0:48:05]} axb5 {[%clk 0:48:22]} 19. Nxb5 {[%clk 0:48:22]} Ra5
{[%clk 0:39:10]} 20. Rb1 {[%clk 0:46:24]} Qd8 {[%clk 0:37:55]} 21. Nd6+
{[%clk 0:42:32]} Nxd6 {[%clk 0:37:56]} 22. Bxe7 {[%clk 0:42:56]} Qxe7
{[%clk 0:38:05]} 23. exd6 {[%clk 0:43:19]} Qxd6 {[%clk 0:36:57]} 24. Rxb7
{[%clk 0:43:39]} Nd8 {[%clk 0:27:38]} 25. Rb3 {[%clk 0:43:06]} Kf8
{[%clk 0:16:05]} 26. Rc1 {[%clk 0:40:54]} Ra8 {[%clk 0:11:45]} 27. Qc3
{[%clk 0:34:56]} Kg7 {[%clk 0:10:09]} 28. Qc7 {[%clk 0:34:39]} Qf8
{[%clk 0:08:13]} 29. a4 {[%clk 0:26:01]} Rxa4 {[%clk 0:04:56]} 30. Qe5+
{[%clk 0:19:00]} Kh6 {[%clk 0:04:07]} 31. Rb8 {[%clk 0:12:19]} Rc4
{[%clk 0:03:21]} 32. Ra1 {[%clk 0:12:27]} Rb4 {[%clk 0:01:49]} 33. Rba8
{[%clk 0:09:39]} Rb7 {[%clk 0:00:59]} 34. Rc1 {[%clk 0:09:09]} f6
{[%clk 0:00:51]} 35. Qf4+ {[%clk 0:07:30]} Kh7 {[%clk 0:01:20]} 36. Rcc8
{[%clk 0:07:50]} Qe7 {[%clk 0:00:50]} 37. Qc1 {[%clk 0:05:59]} Rh8
{[%clk 0:00:56]} 38. Qc5 {[%clk 0:04:35]} Nf7 {[%clk 0:00:42]} 39. Rxh8+
{[%clk 0:04:49]} Nxh8 {[%clk 0:01:10]} 40. Qc8 {[%clk 0:05:03]} Qg7
{[%clk 0:00:48]} 41. Qxe6 {[%clk 0:05:00]} Qf7 {[%clk 0:21:29]} 42. Qc8
{[%clk 0:34:04]} Qg7 {[%clk 0:21:52]} 43. g3 {[%clk 0:29:02]} Ra7
{[%clk 0:16:18]} 44. Rb8 {[%clk 0:28:56]} Rc7 {[%clk 0:16:18]} 45. Qd8
{[%clk 0:28:52]} Rd7 {[%clk 0:16:39]} 46. Qa5 {[%clk 0:28:50]} Qe7
{[%clk 0:16:26]} 47. Qa8 {[%clk 0:25:47]} Nf7 {[%clk 0:15:26]} 48. Re8
{[%clk 0:25:10]} Qd6 {[%clk 0:15:09]} 49. Ne1 {[%clk 0:14:42]} Rd8
{[%clk 0:11:37]} 50. Rxd8 {[%clk 0:13:21]} Nxd8 {[%clk 0:10:20]} 51. Qa7+
{[%clk 0:12:36]} Kg8 {[%clk 0:10:41]} 52. Nd3 {[%clk 0:08:44]} Ne6
{[%clk 0:09:40]} 53. Qa8+ {[%clk 0:08:55]} 1/2-1/2

[Event "2016 South Wales International"]
[Site "Cardiff"]
[Date "2016.07.08"]
[Round "3"]
[Board "9"]
[White "Martin, Lewis"]
[Black "Nielsen, Lars Aaes"]
[Result "0-1"]
[WhiteElo "2053"]
[BlackElo "2234"]
[PlyCount "0"]
[EventDate "2016.07.07"]
[EventRounds "10"]
[EventCountry "WLS"]

1. d4 {[%clk 1:30:56]} e6 {[%clk 1:30:47]} 2. c4 {[%clk 1:31:18]} b6
{[%clk 1:31:14]} 3. Nf3 {[%clk 1:26:42]} Bb7 {[%clk 1:28:22]} 4. g3
{[%clk 1:26:13]} Bb4+ {[%clk 1:28:14]} 5. Bd2 {[%clk 1:25:04]} Be7
{[%clk 1:28:39]} 6. Bg2 {[%clk 1:25:28]} Nf6 {[%clk 1:28:53]} 7. O-O
{[%clk 1:25:50]} O-O {[%clk 1:28:41]} 8. Nc3 {[%clk 1:25:07]} Ne4
{[%clk 1:28:13]} 9. d5 {[%clk 1:20:10]} Nxd2 {[%clk 1:28:05]} 10. Qxd2
{[%clk 1:20:35]} Bf6 {[%clk 1:28:31]} 11. Ne4 {[%clk 1:18:48]} d6
{[%clk 1:25:02]} 12. Nd4 {[%clk 1:14:04]} Bxd4 {[%clk 1:23:01]} 13. Qxd4
{[%clk 1:14:25]} e5 {[%clk 1:22:44]} 14. Qd2 {[%clk 1:11:42]} h6 {[%clk 1:16:03]}
15. g4 {[%clk 1:07:24]} Qh4 {[%clk 1:07:23]} 16. Bf3 {[%clk 0:58:25]} Bc8
{[%clk 1:05:36]} 17. Kh1 {[%clk 0:58:14]} Bxg4 {[%clk 1:00:11]} 18. Bxg4
{[%clk 0:58:37]} f5 {[%clk 1:00:30]} 19. Bxf5 {[%clk 0:58:12]} Rxf5
{[%clk 1:00:32]} 20. Ng3 {[%clk 0:58:36]} Rf4 {[%clk 0:59:11]} 21. e4
{[%clk 0:55:30]} Qh3 {[%clk 0:54:12]} 22. Rg1 {[%clk 0:51:39]} Nd7
{[%clk 0:48:20]} 23. Qe2 {[%clk 0:48:33]} Nf6 {[%clk 0:37:50]} 24. f3
{[%clk 0:45:10]} Nh7 {[%clk 0:27:46]} 25. Nf5 {[%clk 0:40:27]} Ng5
{[%clk 0:27:22]} 26. Rg3 {[%clk 0:39:46]} Qh5 {[%clk 0:27:19]} 27. Rf1
{[%clk 0:23:34]} Rf8 {[%clk 0:25:45]} 28. Qg2 {[%clk 0:23:11]} Kh7
{[%clk 0:23:33]} 29. Rg4 {[%clk 0:19:49]} Rxg4 {[%clk 0:20:31]} 30. fxg4
{[%clk 0:19:53]} Qh3 {[%clk 0:20:46]} 31. Qxh3 {[%clk 0:14:58]} Nxh3
{[%clk 0:21:04]} 32. Kg2 {[%clk 0:15:12]} Nf4+ {[%clk 0:21:18]} 33. Kg3
{[%clk 0:15:04]} Nd3 {[%clk 0:20:33]} 34. g5 {[%clk 0:04:21]} g6 {[%clk 0:19:41]}
35. Rf3 {[%clk 0:03:56]} Nc5 {[%clk 0:18:57]} 36. Nxd6 {[%clk 0:01:55]} Rxf3+
{[%clk 0:19:07]} 37. Kxf3 cxd6 {[%clk 0:19:10]} 38. h4 {[%clk 0:02:14]} hxg5
{[%clk 0:17:44]} 39. hxg5 {[%clk 0:02:40]} Nd3 {[%clk 0:16:56]} 40. b3
{[%clk 0:02:28]} Nc1 {[%clk 0:15:53]} 41. b4 {[%clk 0:02:43]} Nxa2
{[%clk 0:16:01]} 42. b5 {[%clk 0:02:05]} Nc1 {[%clk 0:16:00]} 43. Ke3
{[%clk 0:02:09]} Nb3 {[%clk 0:16:13]} 0-1

[Event "2016 South Wales International"]
[Site "Cardiff"]
[Date "2016.07.08"]
[Round "3"]
[Board "10"]
[White "Kett, Tim"]
[Black "Sigurdsson, Birkir Karl"]
[Result "1-0"]
[WhiteElo "2209"]
[BlackElo "1883"]
[PlyCount "0"]
[EventDate "2016.07.07"]
[EventRounds "10"]
[EventCountry "WLS"]

1. e4 {[%clk 1:26:58]} e6 {[%clk 1:29:21]} 2. d4 {[%clk 1:26:41]} d5
{[%clk 1:29:48]} 3. Nc3 {[%clk 1:27:01]} dxe4 {[%clk 1:27:13]} 4. Nxe4
{[%clk 1:26:43]} Bd7 {[%clk 1:27:36]} 5. Nf3 {[%clk 1:25:11]} Bc6
{[%clk 1:26:00]} 6. Bd3 {[%clk 1:25:11]} Nd7 {[%clk 1:26:11]} 7. O-O
{[%clk 1:22:26]} Ngf6 {[%clk 1:22:36]} 8. Ng3 {[%clk 1:21:41]} Be7
{[%clk 1:16:34]} 9. b3 {[%clk 1:17:05]} O-O {[%clk 1:16:48]} 10. c4
{[%clk 1:16:24]} a5 {[%clk 1:11:02]} 11. a3 {[%clk 1:14:30]} Re8 {[%clk 1:09:11]}
12. Bb2 {[%clk 1:14:20]} Nf8 {[%clk 1:09:13]} 13. Ne5 {[%clk 0:59:37]} Ng6
{[%clk 1:06:22]} 14. Nxc6 {[%clk 0:57:16]} bxc6 {[%clk 1:06:48]} 15. Qf3
{[%clk 0:42:12]} Rb8 {[%clk 1:01:41]} 16. Bc2 {[%clk 0:41:38]} Qd7
{[%clk 0:58:35]} 17. Rad1 {[%clk 0:40:29]} Red8 {[%clk 0:57:03]} 18. Qc3
{[%clk 0:38:49]} Ra8 {[%clk 0:55:39]} 19. Rfe1 {[%clk 0:31:44]} h5
{[%clk 0:54:30]} 20. Qf3 {[%clk 0:24:08]} h4 {[%clk 0:46:28]} 21. Ne4
{[%clk 0:24:16]} Qe8 {[%clk 0:41:41]} 22. Ng5 {[%clk 0:17:35]} Nf8
{[%clk 0:39:35]} 23. Qf4 {[%clk 0:15:19]} h3 {[%clk 0:38:10]} 24. Nxh3
{[%clk 0:15:07]} Bd6 {[%clk 0:37:57]} 25. Qf3 {[%clk 0:14:36]} Rab8
{[%clk 0:34:53]} 26. Ng5 {[%clk 0:13:00]} N8h7 {[%clk 0:30:43]} 27. h4
{[%clk 0:10:08]} c5 {[%clk 0:29:36]} 28. dxc5 {[%clk 0:08:54]} Be7
{[%clk 0:28:43]} 29. Bc3 {[%clk 0:08:13]} Rxd1 {[%clk 0:27:40]} 30. Rxd1
{[%clk 0:08:26]} Qf8 {[%clk 0:27:51]} 31. Bxa5 {[%clk 0:07:27]} Bxc5
{[%clk 0:28:04]} 32. Bxc7 {[%clk 0:07:25]} Rc8 {[%clk 0:28:20]} 33. Be5
{[%clk 0:07:30]} Bxa3 {[%clk 0:28:37]} 34. Qd3 g6 35. Nxh7 {[%clk 0:05:44]} Nxh7
{[%clk 0:28:58]} 36. h5 {[%clk 0:05:43]} Qc5 {[%clk 0:28:37]} 37. hxg6
{[%clk 0:03:18]} Qxe5 {[%clk 0:28:08]} 38. gxf7+ {[%clk 0:03:42]} Kf8
{[%clk 0:28:18]} 39. Qxh7 {[%clk 0:03:58]} Qg7 {[%clk 0:27:49]} 40. Qxg7+
{[%clk 0:02:01]} Kxg7 {[%clk 0:28:15]} 41. Rd7 {[%clk 0:01:53]} Rf8
{[%clk 0:28:03]} 42. Kf1 {[%clk 0:01:08]} Rxf7 {[%clk 0:28:26]} 43. Rxf7+
{[%clk 0:01:34]} Kxf7 {[%clk 0:28:51]} 44. Ke2 {[%clk 0:01:19]} Kf6
{[%clk 0:28:36]} 45. f4 {[%clk 0:00:33]} e5 {[%clk 0:28:43]} 46. f5
{[%clk 0:27:11]} Bc5 {[%clk 0:58:58]} 47. Kf3 {[%clk 0:27:28]} 1-0

[Event "2016 South Wales International"]
[Site "Cardiff"]
[Date "2016.07.08"]
[Round "3"]
[Board "11"]
[White "Jones, Steven A"]
[Black "Ralphs, Nigel"]
[Result "0-1"]
[WhiteElo "2186"]
[BlackElo "2000"]
[PlyCount "0"]
[EventDate "2016.07.07"]
[EventRounds "10"]
[EventCountry "WLS"]

1. c4 {[%clk 1:30:36]} c6 {[%clk 1:29:18]} 2. e4 {[%clk 1:30:28]} d5
{[%clk 1:28:42]} 3. exd5 {[%clk 1:30:42]} cxd5 {[%clk 1:29:09]} 4. d4
{[%clk 1:30:57]} Nf6 {[%clk 1:29:18]} 5. Nc3 {[%clk 1:30:56]} e6 {[%clk 1:29:28]}
6. Nf3 {[%clk 1:31:09]} Be7 {[%clk 1:28:34]} 7. Qc2 {[%clk 1:21:59]} O-O
{[%clk 1:22:17]} 8. Bf4 {[%clk 1:15:31]} dxc4 {[%clk 1:10:37]} 9. Bxc4
{[%clk 1:14:45]} Nc6 {[%clk 1:10:53]} 10. Rd1 {[%clk 1:13:28]} Nb4
{[%clk 1:11:10]} 11. Qe2 {[%clk 1:12:23]} Nbd5 {[%clk 1:10:32]} 12. Bd2
{[%clk 1:10:41]} Bd7 {[%clk 0:59:07]} 13. Ne5 {[%clk 1:06:34]} Bc6
{[%clk 0:56:50]} 14. Nxc6 {[%clk 1:02:47]} bxc6 {[%clk 0:57:15]} 15. O-O
{[%clk 1:01:26]} Qb6 {[%clk 0:31:33]} 16. Bc1 {[%clk 0:58:12]} Nxc3
{[%clk 0:30:59]} 17. bxc3 {[%clk 0:58:35]} Nd5 {[%clk 0:31:25]} 18. Rd3
{[%clk 0:57:12]} Bd6 {[%clk 0:22:17]} 19. Rh3 {[%clk 0:49:00]} g6
{[%clk 0:19:31]} 20. Qe4 {[%clk 0:45:01]} Qd8 {[%clk 0:15:42]} 21. Bb3
{[%clk 0:44:53]} Re8 {[%clk 0:07:27]} 22. c4 {[%clk 0:42:48]} Ne7
{[%clk 0:03:22]} 23. Bg5 {[%clk 0:42:03]} Qa5 {[%clk 0:03:02]} 24. c5
{[%clk 0:40:21]} Bc7 {[%clk 0:03:20]} 25. Rxh7 {[%clk 0:39:22]} Nf5
{[%clk 0:02:29]} 26. Rh3 {[%clk 0:39:36]} Bd8 {[%clk 0:02:30]} 27. Qxc6
{[%clk 0:36:04]} Bxg5 {[%clk 0:02:41]} 28. Qe4 {[%clk 0:35:55]} Bf6
{[%clk 0:02:07]} 29. d5 {[%clk 0:35:40]} exd5 {[%clk 0:01:54]} 30. Qxd5
{[%clk 0:36:04]} Qc7 {[%clk 0:02:04]} 31. Rc1 {[%clk 0:35:20]} Rad8
{[%clk 0:02:15]} 32. Qf3 {[%clk 0:35:34]} Qe5 {[%clk 0:01:25]} 33. g4
{[%clk 0:35:20]} Nd4 {[%clk 0:01:42]} 34. Qb7 {[%clk 0:34:52]} Re7
{[%clk 0:01:35]} 35. Qa6 {[%clk 0:34:54]} Ne2+ {[%clk 0:01:49]} 0-1

[Event "2016 South Wales International"]
[Site "Cardiff"]
[Date "2016.07.08"]
[Round "3"]
[Board "12"]
[White "Fathallah, Joe"]
[Black "Jaunooby, Ali R"]
[Result "1-0"]
[WhiteElo "1960"]
[BlackElo "2158"]
[PlyCount "0"]
[EventDate "2016.07.07"]
[EventRounds "10"]
[EventCountry "WLS"]

1. d4 {[%clk 1:30:57]} c5 {[%clk 0:41:08]} 2. d5 {[%clk 1:30:34]} e5
{[%clk 0:41:11]} 3. e4 {[%clk 1:30:32]} d6 {[%clk 0:41:27]} 4. Nc3
{[%clk 1:29:15]} Ne7 {[%clk 0:41:23]} 5. f4 {[%clk 1:27:57]} exf4
{[%clk 0:40:21]} 6. Bxf4 {[%clk 1:27:49]} Ng6 {[%clk 0:40:28]} 7. Bg3
{[%clk 1:27:20]} Be7 {[%clk 0:38:47]} 8. Nf3 {[%clk 1:25:39]} O-O
{[%clk 0:38:07]} 9. Be2 {[%clk 1:20:56]} Nd7 {[%clk 0:37:35]} 10. O-O
{[%clk 1:19:22]} h5 {[%clk 0:37:53]} 11. e5 {[%clk 1:09:29]} h4 {[%clk 0:29:14]}
12. exd6 {[%clk 1:08:36]} hxg3 {[%clk 0:24:48]} 13. dxe7 {[%clk 1:08:57]} gxh2+
{[%clk 0:24:49]} 14. Nxh2 {[%clk 1:06:51]} Qxe7 {[%clk 0:24:47]} 15. Qd2
{[%clk 1:04:51]} Nde5 {[%clk 0:22:29]} 16. Rae1 {[%clk 1:03:17]} Rd8
{[%clk 0:19:41]} 17. Nf3 {[%clk 0:54:43]} Ng4 {[%clk 0:17:32]} 18. Bc4
{[%clk 0:53:06]} Qc7 {[%clk 0:13:53]} 19. d6 {[%clk 0:47:00]} Rxd6
{[%clk 0:12:24]} 20. Bxf7+ {[%clk 0:43:10]} Kf8 {[%clk 0:09:59]} 21. Ng5
{[%clk 0:40:11]} Bf5 {[%clk 0:07:32]} 22. Rxf5 {[%clk 0:37:27]} Rf6
{[%clk 0:06:56]} 23. Ne6+ {[%clk 0:37:28]} Rxe6 {[%clk 0:03:49]} 24. Bxe6+
{[%clk 0:37:51]} Nf6 {[%clk 0:02:28]} 25. Qg5 {[%clk 0:36:48]} Ne7
{[%clk 0:00:35]} 26. Rxf6+ {[%clk 0:36:44]} 1-0